Fußball: Bundesliga-Trainer 2025/26 - Statistiken

Allgemein
  • Dieses Quiz wurde 65 mal gespielt
  • Das Durchschnittsergebnis liegt bei 20 aus 30
Antwortstatistiken
Verein Spieltage Name % Korrekt
1. FC Heidenheim 1-34 Frank Schmidt
96%
FC Bayern München 1-34 Vincent Kompany
96%
Borussia Dortmund 1-34 Niko Kovac
95%
VfB Stuttgart 1-34 Sebastian Hoeneß
89%
SC Freiburg 1-34 Julian Schuster
87%
VfL Wolfsburg 26-34 Dieter Hecking
82%
Bayer 04 Leverkusen 1-2 Erik ten Hag
82%
FC Augsburg 13-34 Manuel Baum
80%
1. FC Union Berlin 1-29 Steffen Baumgart
80%
Eintracht Frankfurt 21-34 Albert Riera
78%
Borussia M'gladbach 1-3 Gerardo Seoane
78%
1. FC Union Berlin 30-34 Marie-Louise Eta
78%
Hamburger SV 1-34 Merlin Polzin
78%
Eintracht Frankfurt 1-18 Dino Toppmöller
76%
RB Leipzig 1-34 Ole Werner
76%
FC Augsburg 1-12 Sandro Wagner
76%
1. FSV Mainz 05 14-34 Urs Fischer
73%
FC St. Pauli 1-34 Alexander Blessin
71%
Bayer 04 Leverkusen 3-34 Kasper Hjulmand
71%
1. FC Köln 1-27 Lukas Kwasniok
69%
Borussia M'gladbach 4-34 Eugen Polanski
67%
Werder Bremen 21-34 Daniel Thioune
65%
TSG Hoffenheim 1-34 Christian Ilzer
64%
Werder Bremen 1-20 Horst Steffen
56%
1. FSV Mainz 05 1-12 Bo Henriksen
55%
VfL Wolfsburg 1-10 Paul Simonis
40%
1. FC Köln 28-34 René Wagner
31%
VfL Wolfsburg 11-25 Daniel Bauer
25%
Eintracht Frankfurt 19-20 Dennis Schmitt
11%
1. FSV Mainz 05 13 Benjamin Hoffmann
9%
Keine übereinstimmenden Quizze gefunden
Verteilung der Resultate
Anzahl Personen mit jedem Resultat
Perzentil nach korrekt beantworteten Fragen
Ihre Resultats-Entwicklung
Sie haben dieses Quiz noch nicht gespielt